| 000 | 01212cam a2200313 a 4500 | ||
|---|---|---|---|
| 001 | 000007771 | ||
| 005 | 20200929154308.0 | ||
| 008 | 740111s1970 mx 000 0 spa | ||
| 035 | _a(OCoLC)774305 | ||
| 040 |
_aDO-SdBNP _cOT _dPP _dCoP _dWU _dDLC |
||
| 041 | 1 | 7 |
_aspa _heng _2codigo idioma Marc |
| 082 |
_aM863.44 _bT779v, 1970 |
||
| 100 | 1 |
_aTraven, B. _d1882-1969 _q(Bruno Traven) _921469 |
|
| 240 | 1 | 0 |
_aThe night visitor and other stories. _lSpanish. |
| 245 | 1 | 3 |
_aEl visitante nocturno : _by otros cuentos / _cB. Traven ; traductora Rosa Elena Luján. |
| 250 | _a3a impresión | ||
| 260 |
_aMéxico : _bDiana, _c1970. |
||
| 300 |
_a190 p. ; _c22 cm. |
||
| 490 | 1 |
_aNovelistas mexicanos _v4 |
|
| 500 | _aTraducción de El visitante nocturno, y otras historias. | ||
| 505 | 0 | _aEl visitante nocturno -- El arreo -- Nació un nuevo dios -- La conversión de los indios -- La creación de los dos soles. | |
| 534 |
_aTítulo original _tThe night visitor and other stories. |
||
| 650 | 4 |
_aNovela mexicana _93959 |
|
| 650 | 4 |
_aLiteratura mexicana _91922 |
|
| 700 | 1 |
_aLuján, Rosa Elena _etr. _921470 |
|
| 830 | 0 |
_aNovelistas mexicanos ; _v4 _917833 |
|
| 910 | _aCatalogación por copia / LC | ||
| 049 | _aBNGR | ||
| 999 |
_c7549 _d7549 |
||